Los orígenes de la civilización: desde los primeros agricultores hasta la sociedad urbana en el próximo oriente

Αποθηκεύτηκε σε:
Λεπτομέρειες βιβλιογραφικής εγγραφής
Κύριος συγγραφέας: Redman, Charles L (Συγγραφέας)
Μορφή: Βιβλίο
Γλώσσα:Ισπανικά
Έκδοση: Barcelona Crítica 1990
Σειρά:Crítica - Arqueología
Θέματα:
Ετικέτες: Προσθήκη ετικέτας
Δεν υπάρχουν, Καταχωρήστε ετικέτα πρώτοι!

MARC

LEADER 00000nam a2200000 a 4500
001 UCM0439
003 CL-VaPUC
008 020301e19900000SP |||||||||||||||||spa|d
082 0 4 |a 930.1  |b RED  |2 21 
100 0 |a Redman, Charles L  |e author  |9 467215 
245 1 4 |a Los orígenes de la civilización: desde los primeros agricultores hasta la sociedad urbana en el próximo oriente 
300 |a 443 p 
942 |c BK 
945 |d 20020301 00:00:00  |a cmena 
260 |a Barcelona  |b Crítica  |c 1990 
650 0 |a Arqueología   |v Historia   |9 314220 
650 0 |a Civilizaciones antiguas  |9 265998 
650 7 |a HISTORIA ECONOMICA Y SOCIAL  |2 CL-VaPUC  |9 467216 
583 |a last modification  |c 20020301 00:00:00  |k Rodrigo Vera 
490 0 |a Crítica - Arqueología 
999 |c 299345  |d 299343 
952 |0 0  |1 0  |4 0  |6 930_100000000000000_RED_1990  |7 0  |8 A  |9 355830  |a BIBHIS  |b BIBHIS  |d 2019-11-21  |i 3793605  |o 930.1 RED 1990  |p 3793605  |r 2023-01-25  |w 2019-11-21  |y BK  |k HIS